| 000 | 00572nam a22001937a 4500 | ||
|---|---|---|---|
| 008 | 150511b xxu||||| |||| 00| 0 eng d | ||
| 020 | _a9780073384535 | ||
| 020 | _a0073384534 | ||
| 041 | 0 | _aeng | |
| 080 | _a512 | ||
| 100 | 1 | _aHendricks, Andrea. | |
| 245 | 1 | 0 |
_aBeginning & intermediate algebra / _cAndrea Hendricks, Oiyin Pauline Chow. |
| 246 | 3 | _aBeginning and intermediate algebra | |
| 260 |
_aNew York : _bMcGraw-Hill, _c2013. |
||
| 300 |
_axxxv, [28], 993, [78] f. : _bme il.; _c29 cm. |
||
| 650 | 0 | _aAlgjebra | |
| 700 | 1 | _aChow, Oiyin Pauline. | |
| 942 |
_2udc _cBK |
||
| 999 |
_c730 _d730 |
||